Normal view
MARC view
- Kawasaki G
Entry Personal Name
001 - CONTROL NUMBER
- control field: 215917
003 - CONTROL NUMBER IDENTIFIER
- control field: OSt
005 - DATE AND TIME OF LATEST TRANSACTION
- control field: 20251219124157.0
008 - FIXED-LENGTH DATA ELEMENTS
- fixed length control field: 251219|| aca||aabn | a|a d
040 ## - CATALOGING SOURCE
- Original cataloging agency: OSt
- Transcribing agency: OSt
100 ## - HEADING--PERSONAL NAME
- Personal name: Kawasaki G
670 ## - SOURCE DATA FOUND
- Source citation: Work cat.: (OSt)369451: Kawasaki G., The Art Of The Start 2.0: The Time-Tested, Battle-Hardened Guide For Anyone Starting Anything, 2015